Myslivcovic Karlička fox - pochod /

Hlavní autor: Sýkora, Vilda, 1903-1974
Další autoři: Aust, Alois, 1889-1961
Jazyk: Čeština
Vydáno: Praha : E.J. Rosendorf, 1935
Fyzický popis: 1 sv. (na volných listech)
Hudebniny Hudebniny
Uloženo v:
LEADER 00832ncm a22002292a 4500
001 001164308
003 CZ BrMZK
005 20110818142418.0
007 qu
008 110818s1935 xr |||||||||||||||||cze d
040 |a BOA001  |b cze 
072 7 |a 784  |x Vokální hudba  |2 Konspekt  |9 9 
100 1 |a Sýkora, Vilda,  |d 1903-1974  |7 jk01122217  |4 cmp  |4 lyr 
245 1 0 |a Myslivcovic Karlička  |h [hudebnina] :  |b fox - pochod /  |c slova i hudba: Vilda Sýkora, Alois Aust ; arrang. Alois Aust 
260 |a Praha :  |b E.J. Rosendorf,  |c 1935 
300 |a 1 sv. (na volných listech) 
500 |a Universální orchestr 
700 1 |a Aust, Alois,  |d 1889-1961  |7 jn99240000036  |4 arr  |4 cmp  |4 lyr 
910 |a BOA001  |b Mus3-0184.077 
990 |a MU 
991 |b 201108 
996 6 |b 2619377423  |c Mus3-0184.077  |l MZK  |r Sklad / do 1 hodiny  |n 0  |w 001197594  |u 000010  |a 1  |e BOA001  |j MZK50  |s P